| 000 | 00356nam a2200157Ia 4500 | ||
|---|---|---|---|
| 008 | 210210b1922 xxu||||| |||| 00| 0 eng d | ||
| 041 | _aeng | ||
| 082 | _a829/76 | ||
| 100 | _aBEVAN (Tom) | ||
| 245 | _aRed dickon | ||
| 260 |
_aLondon _bThomas Nelson & Sons _c1922 |
||
| 650 | _aRed | ||
| 650 | _adickon | ||
| 690 | _aEnglish Fiction | ||
| 906 | _a016686 | ||
| 999 |
_c136351 _d136351 |
||